000 00923nam a2200277 i 4500
003 DO-SdBNP
005 20260409104850.0
007 ta
008 240821s2024 dr 000 p spa d
040 _aDO-SdBNP
_bspa
_cBNPHU
_erda
041 _aspa
082 4 _aRD861.5
_bG216t
_222
100 1 _aGarcía, Joel Julio
_911765
_d1984-
_eautor
_4aut.
245 1 0 _aTodas las naves al silencio /
_cJoel Julio García.
264 1 _aSanto Domingo, República Dominicana :
_bEditorial Santuario,
_c2024.
300 _a86 páginas ;
_c23 cm.
336 _atexto
_btxt
_2rdacontent
337 _asin mediación
_bn
_2rdamedia
338 _avolumen
_bnc
_2rdacarrier
500 _aIncluye datos biográficos del autor en la solapa de la cubierta
590 _aInventariado, 2024/ YL
650 4 _aPoesía dominicana
_2LEMB
650 4 _aLiteratura dominicana
_2LEMB
910 _aYLockward/Validado,2026/MFF
942 _2ddc
_cLBS1
999 _c57513
_d57513